[Event "Liga Madrileña - DH 2018-2019"]
[Site "Madrid ESP"]
[Date "2018.11.25"]
[Round "2.2"]
[White "Ovejero, Juan Manuel"]
[Black "Garcia Cuenca, Victor Manuel"]
[Result "1/2-1/2"]
[WhiteElo "2244"]
[BlackElo "2340"]
[PlyCount "165"]
[EventDate "2018.11.18"]
[EventType "team-tourn"]
[EventRounds "14"]
[EventCountry "ESP"]
[SourceTitle "Ajedrez en Madrid"]
[Source "lmi"]
[SourceDate "2018.11.18"]
[SourceVersion "1"]
[SourceVersionDate "2019.04.02"]
[SourceQuality "1"]
[WhiteTeam "San Sebastian de los Reyes"]
[BlackTeam "Liberty Chess"]
[WhiteTeamCountry "ESP"]
[BlackTeamCountry "ESP"]

1. e4 c5 2. d3 Nc6 3. g3 g6 4. Bg2 Bg7 5. f4 e6 6. Nf3 Nge7 7. O-O d5 8. c3 b6
9. Na3 Ba6 10. e5 h5 11. Be3 Qd7 12. Bf2 Rd8 13. Rb1 Nf5 14. b4 cxb4 15. cxb4
Bf8 16. Nc2 Bb7 17. b5 Na5 18. Ncd4 Be7 19. h3 Rc8 20. Qd2 Kf8 21. g4 hxg4 22.
hxg4 Nh6 23. Nh2 Bc5 24. Be3 Kg8 25. Rf3 a6 26. Rh3 axb5 27. Rf1 Rh7 28. Kh1
Nc4 29. dxc4 dxc4 30. Bxb7 Qxb7+ 31. Qg2 Qxg2+ 32. Kxg2 b4 33. Rc1 c3 34. Nb3
Kg7 35. Rc2 Rhh8 36. a3 Bxe3 37. Rxe3 bxa3 38. Rexc3 Rxc3 39. Rxc3 Ra8 40. Na1
Ng8 41. Rc7 Ra4 42. Kg3 a2 43. Nf3 Ra3 44. Kf2 Nh6 45. Kg3 b5 46. Rc2 Ng8 47.
Rb2 Ne7 48. Rxb5 Nd5 49. f5 gxf5 50. gxf5 Nc3 51. f6+ Kg6 52. Rb4 Ne2+ 53. Kg4
Kh6 54. Re4 Nc1 55. Rc4 Nb3 56. Nxb3 Rxb3 57. Ra4 Rb4+ 58. Rxb4 a1=Q 59. Kg3
Qc1 60. Rg4 Qe3 61. Rg7 Qa7 62. Rg8 Qe3 63. Rh8+ Kg6 64. Rh4 Kf5 65. Rh5+ Ke4
66. Rh4+ Kd3 67. Rh1 Qe2 68. Re1 Qb2 69. Rd1+ Ke4 70. Re1+ Kd5 71. Rd1+ Kc6 72.
Rd6+ Kc5 73. Rd7 Qb1 74. Rd2 Qg6+ 75. Kf2 Kc4 76. Rd4+ Kc3 77. Rd7 Qc2+ 78. Kg3
Qg6+ 79. Kf2 Qh5 80. Rd8 Qg4 81. Rd7 Qh5 82. Rd8 Qg4 83. Rd7 1/2-1/2

[Event "Liga Madrileña - DH 2018-2019"]
[Site "Madrid ESP"]
[Date "2018.11.25"]
[Round "2.3"]
[White "Fernandez Garcia, Miguel Angel"]
[Black "Quevedo Marin, Manuel"]
[Result "1-0"]
[WhiteElo "2294"]
[BlackElo "2200"]
[PlyCount "161"]
[EventDate "2018.11.18"]
[EventType "team-tourn"]
[EventRounds "14"]
[EventCountry "ESP"]
[SourceTitle "Ajedrez en Madrid"]
[Source "lmi"]
[SourceDate "2018.11.18"]
[SourceVersion "1"]
[SourceVersionDate "2019.04.02"]
[SourceQuality "1"]
[WhiteTeam "Liberty Chess"]
[BlackTeam "San Sebastian de los Reyes"]
[WhiteTeamCountry "ESP"]
[BlackTeamCountry "ESP"]

1. d4 Nf6 2. Nf3 g6 3. g3 Bg7 4. Bg2 d5 5. O-O O-O 6. b3 c6 7. Bb2 Ne4 8. c4
Bf5 9. Nbd2 Nxd2 10. Qxd2 Be4 11. Rfd1 e6 12. Rac1 Nd7 13. Ba3 Re8 14. Bf1 Bxf3
15. exf3 Nb6 16. f4 Nc8 17. c5 Ne7 18. Bb2 Qd7 19. b4 b5 20. cxb6 axb6 21. Ra1
b5 22. Qc2 Ra4 23. a3 Rea8 24. Bd3 R4a7 25. Rdc1 Ra6 26. Qd1 Nc8 27. Qf3 Nd6
28. Rd1 Nc4 29. Bxc4 dxc4 30. Rd2 Qd5 31. Qxd5 cxd5 32. Rdd1 Bf8 33. Kg2 c3 34.
Bxc3 Rxa3 35. Rxa3 Rxa3 36. Rc1 Rb3 37. h4 h5 38. Bd2 Bxb4 39. Bxb4 Rxb4 40.
Rc8+ Kg7 41. Rb8 Kf6 42. Rb7 Rb1 43. f3 b4 44. Kf2 b3 45. g4 b2 46. g5+ Kg7 47.
Kg2 Kf8 48. Rb8+ Ke7 49. Rb7+ Kd6 50. Rb6+ Kc7 51. Rb3 Kc6 52. Rb4 Rd1 53. Rxb2
Rxd4 54. Kg3 Rd1 55. Ra2 d4 56. Ra7 Rg1+ 57. Kf2 Rh1 58. Rxf7 Rh2+ 59. Ke1 Kd5
60. Rd7+ Kc4 61. Rd6 Rxh4 62. Rxe6 Rxf4 63. Rf6 Rh4 64. Rxg6 Rh1+ 65. Kf2 d3
66. Rd6 Ra1 67. g6 Ra7 68. Ke3 h4 69. Rd4+ Kc5 70. Rxh4 Rd7 71. Rh7 Rd6 72. g7
d2 73. Rh5+ Kb4 74. Rh1 Rg6 75. Kxd2 Rxg7 76. Rc1 Re7 77. Kd3 Re8 78. f4 Re7
79. Kd4 Re2 80. Rb1+ Ka5 81. f5 1-0

[Event "Liga Madrileña - DH 2018-2019"]
[Site "Madrid ESP"]
[Date "2018.11.25"]
[Round "2.5"]
[White "Perez Gonzalez, Jose Manuel"]
[Black "Reyes Peñas, Sebastian"]
[Result "0-1"]
[WhiteElo "2235"]
[BlackElo "2180"]
[PlyCount "104"]
[EventDate "2018.11.18"]
[EventType "team-tourn"]
[EventRounds "14"]
[EventCountry "ESP"]
[SourceTitle "Ajedrez en Madrid"]
[Source "lmi"]
[SourceDate "2018.11.18"]
[SourceVersion "1"]
[SourceVersionDate "2019.04.02"]
[SourceQuality "1"]
[WhiteTeam "Liberty Chess"]
[BlackTeam "San Sebastian de los Reyes"]
[WhiteTeamCountry "ESP"]
[BlackTeamCountry "ESP"]

1. e4 c5 2. Nc3 Nc6 3. Nf3 e5 4. Bc4 d6 5. d3 Be6 6. O-O h6 7. Be3 Nf6 8. Nd2
Be7 9. Nd5 O-O 10. Nxf6+ Bxf6 11. Bxe6 fxe6 12. Qg4 Kf7 13. f4 exf4 14. Rxf4
Ne5 15. Qh3 Ke7 16. Raf1 b6 17. Nf3 Nxf3+ 18. R4xf3 Kd7 19. c3 Qe7 20. Qg4 Rad8
21. d4 cxd4 22. cxd4 Kc7 23. Bf2 Kb8 24. e5 dxe5 25. Bg3 Qb4 26. a3 Qxb2 27.
Bxe5+ Bxe5 28. Rxf8 Qxd4+ 29. Qxd4 Bxd4+ 30. Kh1 Rxf8 31. Rxf8+ Kb7 32. Rf7+
Ka6 33. a4 b5 34. Rd7 e5 35. axb5+ Kxb5 36. Rxg7 a5 37. Rb7+ Kc4 38. g4 a4 39.
Rb8 a3 40. Ra8 Kb3 41. Kg2 a2 42. Kf3 a1=Q 43. Rxa1 Bxa1 44. Ke4 Kc4 45. h4 Kc5
46. h5 Kd6 47. g5 Ke6 48. g6 Kf6 49. Kd5 Bb2 50. Ke4 Ke6 51. Kf3 Ba3 52. Ke4
Bf8 0-1

[Event "Liga Madrileña - DH 2018-2019"]
[Site "Madrid ESP"]
[Date "2018.11.25"]
[Round "2.6"]
[White "Alfaya Marcelo, Roberto"]
[Black "Barraza Caracuel, Ignacio"]
[Result "1-0"]
[WhiteElo "2150"]
[BlackElo "2121"]
[PlyCount "63"]
[EventDate "2018.11.18"]
[EventType "team-tourn"]
[EventRounds "14"]
[EventCountry "ESP"]
[SourceTitle "Ajedrez en Madrid"]
[Source "lmi"]
[SourceDate "2018.11.18"]
[SourceVersion "1"]
[SourceVersionDate "2019.04.02"]
[SourceQuality "1"]
[WhiteTeam "San Sebastian de los Reyes"]
[BlackTeam "Liberty Chess"]
[WhiteTeamCountry "ESP"]
[BlackTeamCountry "ESP"]

1. e4 e5 2. Nf3 Nc6 3. Bb5 a6 4. Bxc6 dxc6 5. O-O Bg4 6. h3 h5 7. d3 Bd6 8. Re1
Bxf3 9. Qxf3 Qf6 10. Qxf6 gxf6 11. Nd2 Ne7 12. Nc4 O-O-O 13. h4 Rhg8 14. g3 Rg6
15. Kf1 Rdg8 16. a4 f5 17. Nxe5 Bxe5 18. exf5 Nxf5 19. Rxe5 Nd4 20. c3 Nb3 21.
Rb1 Rd6 22. Ke2 Nxc1+ 23. Rxc1 Rd5 24. Re7 Rd7 25. Rxd7 Kxd7 26. Re1 Rg4 27. b3
b5 28. a5 b4 29. Kd2 bxc3+ 30. Kxc3 f5 31. Re5 f4 32. Re4 1-0

[Event "Liga Madrileña - DH 2018-2019"]
[Site "Madrid ESP"]
[Date "2018.11.25"]
[Round "2.1"]
[White "Fernandez Blazquez, Diego"]
[Black "Espinosa Aranda, Angel"]
[Result "0-1"]
[WhiteElo "2261"]
[BlackElo "2470"]
[PlyCount "106"]
[EventDate "2018.11.18"]
[EventType "team-tourn"]
[EventRounds "14"]
[EventCountry "ESP"]
[SourceTitle "Ajedrez en Madrid"]
[Source "lmi"]
[SourceDate "2018.11.18"]
[SourceVersion "1"]
[SourceVersionDate "2019.04.02"]
[SourceQuality "1"]
[WhiteTeam "San Fernando de Henares"]
[BlackTeam "Virgen de Atocha"]
[WhiteTeamCountry "ESP"]
[BlackTeamCountry "ESP"]

1. d4 d5 2. c4 dxc4 3. e4 Nf6 4. e5 Nd5 5. Bxc4 Nb6 6. Bb3 Nc6 7. Ne2 Bf5 8.
Nbc3 e6 9. Be3 Qd7 10. O-O Rd8 11. Rc1 Be7 12. Na4 O-O 13. Nxb6 axb6 14. a3 Qc8
15. Bc2 Nxe5 16. Bxf5 exf5 17. Qc2 Nc6 18. Rfd1 Bd6 19. d5 Ne7 20. g3 Rfe8 21.
Bf4 Ng6 22. Bxd6 Rxd6 23. Rd2 c6 24. dxc6 Rxc6 25. Qd1 Ne5 26. Rxc6 Nf3+ 27.
Kg2 Qxc6 28. Rd5 Ng5 29. Nc3 Ne6 30. Qf3 g6 31. h4 h5 32. Rd3 Nc5 33. Qxc6 bxc6
34. Rd6 Rc8 35. Kf3 Kf8 36. b4 Ne6 37. b5 Ke7 38. Rd3 cxb5 39. Nxb5 f4 40. gxf4
Rc4 41. f5 gxf5 42. Rd6 Rc5 43. Rxb6 Rxb5 44. Rxb5 Nd4+ 45. Kf4 Nxb5 46. Kxf5
Nxa3 47. Kg5 Nc4 48. Kxh5 Kf6 49. Kg4 Nd6 50. Kf4 Kg6 51. Ke5 Ne8 52. Kd5 Ng7
53. Ke5 f6+ 0-1

[Event "Liga Madrileña - DH 2018-2019"]
[Site "Madrid ESP"]
[Date "2018.11.25"]
[Round "2.2"]
[White "Almagro Llamas, Pablo"]
[Black "Jimenez Lopez, Antonio"]
[Result "1-0"]
[WhiteElo "2448"]
[BlackElo "2167"]
[PlyCount "119"]
[EventDate "2018.11.18"]
[EventType "team-tourn"]
[EventRounds "14"]
[EventCountry "ESP"]
[SourceTitle "Ajedrez en Madrid"]
[Source "lmi"]
[SourceDate "2018.11.18"]
[SourceVersion "1"]
[SourceVersionDate "2019.04.02"]
[SourceQuality "1"]
[WhiteTeam "Virgen de Atocha"]
[BlackTeam "San Fernando de Henares"]
[WhiteTeamCountry "ESP"]
[BlackTeamCountry "ESP"]

1. d4 Nf6 2. Nf3 g6 3. c4 Bg7 4. g3 d6 5. Bg2 O-O 6. O-O Nbd7 7. Nc3 e5 8. e4
c6 9. h3 Qb6 10. c5 dxc5 11. dxe5 Ne8 12. e6 fxe6 13. Ng5 Ne5 14. f4 h6 15.
fxe5 Rxf1+ 16. Bxf1 hxg5 17. Qg4 Qc7 18. Qxg5 Qxe5 19. Qxg6 Bd7 20. Bf4 Qf6 21.
Qxf6 Nxf6 22. Rd1 Re8 23. Bd6 b6 24. e5 Nd5 25. Bd3 Ne3 26. Re1 Nf5 27. Ne4
Nxd6 28. Nxd6 Rf8 29. Kg2 b5 30. b3 Rb8 31. h4 a5 32. Ne4 c4 33. bxc4 bxc4 34.
Bxc4 Rb4 35. Rc1 Bxe5 36. Nc5 Be8 37. Nd3 Rxc4 38. Rxc4 Bd6 39. Rg4+ Kf8 40.
Rg5 a4 41. h5 Be7 42. Ra5 a3 43. g4 c5 44. Ra8 c4 45. Ne5 c3 46. Rc8 Bd6 47.
Ng6+ Kf7 48. Rxc3 Kf6 49. Kh3 Bb5 50. Rf3+ Kg5 51. Nh8 Be8 52. Nf7+ Bxf7 53.
Rxf7 Be5 54. Re7 Kf6 55. Ra7 Bb2 56. Kh4 Bc1 57. Ra5 e5 58. Ra6+ Kg7 59. g5 e4
60. h6+ 1-0

[Event "Liga Madrileña - DH 2018-2019"]
[Site "Madrid ESP"]
[Date "2018.11.25"]
[Round "2.3"]
[White "Garrido Olivares, Ricard"]
[Black "Rubio Mejia, Luis Ignacio"]
[Result "0-1"]
[WhiteElo "2153"]
[BlackElo "2439"]
[PlyCount "100"]
[EventDate "2018.11.18"]
[EventType "team-tourn"]
[EventRounds "14"]
[EventCountry "ESP"]
[SourceTitle "Ajedrez en Madrid"]
[Source "lmi"]
[SourceDate "2018.11.18"]
[SourceVersion "1"]
[SourceVersionDate "2019.04.02"]
[SourceQuality "1"]
[WhiteTeam "San Fernando de Henares"]
[BlackTeam "Virgen de Atocha"]
[WhiteTeamCountry "ESP"]
[BlackTeamCountry "ESP"]

1. Nf3 Nf6 2. e3 b6 3. d4 Bb7 4. Bd3 e6 5. O-O c5 6. c4 g6 7. d5 exd5 8. cxd5
Bg7 9. e4 O-O 10. Nc3 d6 11. Re1 Ba6 12. e5 dxe5 13. Nxe5 Bb7 14. Bc4 Nfd7 15.
Nf3 a6 16. a4 Nf6 17. Bg5 h6 18. Bh4 g5 19. Bg3 Nh5 20. Be5 Nf6 21. Qb3 Nbd7
22. Bg3 g4 23. Ne5 Nxe5 24. Bxe5 Ne8 25. Bxg7 Nxg7 26. Rad1 Nf5 27. Ne4 Nd4 28.
Qe3 Kh7 29. Qf4 f5 30. Nd6 Ra7 31. Nxb7 Rxb7 32. Bxa6 Ra7 33. Rxd4 cxd4 34. Re6
Qg5 35. Qxg5 hxg5 36. Rxb6 Rd8 37. d6 Rad7 38. Bd3 Rxd6 39. Rxd6 Rxd6 40. a5
Rc6 41. Kf1 Rc1+ 42. Ke2 Ra1 43. b4 Ra4 44. Bxf5+ Kg7 45. Be4 Rxb4 46. a6 Ra4
47. Bb7 Kf6 48. Kd3 Ke5 49. Bc8 Ra3+ 50. Kc4 Rc3+ 0-1

[Event "Liga Madrileña - DH 2018-2019"]
[Site "Madrid ESP"]
[Date "2018.11.25"]
[Round "2.4"]
[White "Plazuelo Pascual, Juan"]
[Black "Bustos Bernardo, Samuel"]
[Result "1-0"]
[WhiteElo "2418"]
[BlackElo "2131"]
[PlyCount "113"]
[EventDate "2018.11.18"]
[EventType "team-tourn"]
[EventRounds "14"]
[EventCountry "ESP"]
[SourceTitle "Ajedrez en Madrid"]
[Source "lmi"]
[SourceDate "2018.11.18"]
[SourceVersion "1"]
[SourceVersionDate "2019.04.02"]
[SourceQuality "1"]
[WhiteTeam "Virgen de Atocha"]
[BlackTeam "San Fernando de Henares"]
[WhiteTeamCountry "ESP"]
[BlackTeamCountry "ESP"]

1. e4 e6 2. d4 d5 3. exd5 exd5 4. Nf3 Bd6 5. c4 c6 6. Nc3 Nf6 7. Bg5 Qe7+ 8.
Qe2 Qxe2+ 9. Bxe2 Nbd7 10. O-O O-O 11. Rfe1 h6 12. Bh4 dxc4 13. Bxc4 Nb6 14.
Bb3 g5 15. Bg3 Bxg3 16. hxg3 Bg4 17. Re7 Bxf3 18. gxf3 Rab8 19. Rae1 Nc8 20.
Rc7 Nd6 21. Ree7 Rbe8 22. Ne4 Nfxe4 23. fxe4 Rxe7 24. Rxe7 Kg7 25. f3 a5 26.
Rd7 Nb5 27. a4 Nxd4 28. Rxd4 b5 29. Rd6 Rb8 30. axb5 Rxb5 31. Rd3 c5 32. Rc3
Kf6 33. Bd5 Rxb2 34. Rxc5 a4 35. Ra5 g4 36. f4 Rc2 37. Rxa4 Rc1+ 38. Kf2 Rc2+
39. Ke1 Rc3 40. Ra6+ Kg7 41. Ra7 Rxg3 42. e5 Rd3 43. Rxf7+ Kg8 44. Rd7+ Kf8 45.
Ke2 Rc3 46. Rh7 g3 47. Rxh6 Rc2+ 48. Kd3 Rf2 49. Ke3 Rf1 50. Rh8+ Ke7 51. Rg8
Rd1 52. Ke4 Re1+ 53. Kf5 Rd1 54. Be6 Rg1 55. Rg7+ Kf8 56. Kf6 Rh1 57. Rg8# 1-0

[Event "Liga Madrileña - DH 2018-2019"]
[Site "Madrid ESP"]
[Date "2018.11.25"]
[Round "2.5"]
[White "De la Orden Alcocer, Alejandro"]
[Black "Cabrera Trujillo, Jorge Juan"]
[Result "0-1"]
[WhiteElo "1984"]
[BlackElo "2324"]
[PlyCount "80"]
[EventDate "2018.11.18"]
[EventType "team-tourn"]
[EventRounds "14"]
[EventCountry "ESP"]
[SourceTitle "Ajedrez en Madrid"]
[Source "lmi"]
[SourceDate "2018.11.18"]
[SourceVersion "1"]
[SourceVersionDate "2019.04.02"]
[SourceQuality "1"]
[WhiteTeam "San Fernando de Henares"]
[BlackTeam "Virgen de Atocha"]
[WhiteTeamCountry "ESP"]
[BlackTeamCountry "ESP"]

1. Nf3 d5 2. c4 c6 3. b3 Nf6 4. Bb2 Bf5 5. g3 e6 6. Bg2 Nbd7 7. d3 Bd6 8. O-O
O-O 9. Nc3 Qe7 10. Qd2 Rfd8 11. Rac1 h6 12. Rfd1 Ba3 13. Nb1 Bb4 14. Bc3 Bc5
15. Qb2 a5 16. Ne5 Nxe5 17. Bxe5 d4 18. h3 Bg6 19. a3 Ra6 20. b4 axb4 21. axb4
Bxb4 22. Bxd4 Rda8 23. c5 Ba5 24. Nd2 e5 25. Bxe5 Bxd2 26. Rxd2 Ra2 27. Bxf6
Rxb2 28. Bxb2 Ra2 29. Rcc2 Qe6 30. Rc4 Bxd3 31. Rd4 Bf5 32. g4 Qb3 33. Bc3 Bc2
34. Rd8+ Kh7 35. Bd4 Ra4 36. Re8 Qb1+ 37. Kh2 Qc1 38. Be3 Qb1 39. Rxc2 Qxc2 40.
Be4+ Rxe4 0-1

[Event "Liga Madrileña - DH 2018-2019"]
[Site "Madrid ESP"]
[Date "2018.11.25"]
[Round "2.6"]
[White "Aguilera Lopez, Alejandro"]
[Black "Lucas Quintans, Carlos"]
[Result "1-0"]
[WhiteElo "2184"]
[BlackElo "1942"]
[PlyCount "75"]
[EventDate "2018.11.18"]
[EventType "team-tourn"]
[EventRounds "14"]
[EventCountry "ESP"]
[SourceTitle "Ajedrez en Madrid"]
[Source "lmi"]
[SourceDate "2018.11.18"]
[SourceVersion "1"]
[SourceVersionDate "2019.04.02"]
[SourceQuality "1"]
[WhiteTeam "Virgen de Atocha"]
[BlackTeam "San Fernando de Henares"]
[WhiteTeamCountry "ESP"]
[BlackTeamCountry "ESP"]

1. d4 d5 2. Nf3 Nf6 3. Bg5 e6 4. e3 Be7 5. Bd3 Nbd7 6. Nbd2 c6 7. O-O h6 8. Bh4
Nh5 9. Bxe7 Qxe7 10. Ne5 Nxe5 11. dxe5 g6 12. c4 Qc7 13. Nf3 Ng7 14. e4 d4 15.
Nxd4 Qxe5 16. Bc2 O-O 17. b4 c5 18. bxc5 Qxc5 19. Qd3 e5 20. Nb3 Qc7 21. c5 Be6
22. Qe3 g5 23. h4 Qe7 24. Rad1 Nh5 25. hxg5 hxg5 26. Rd6 Nf4 27. Rfd1 Kg7 28.
Nd2 Rh8 29. Nf1 Qf6 30. Ng3 Qh6 31. Nf5+ Kf6 32. Nxh6 Rxh6 33. Rd8 Rxd8 34.
Rxd8 g4 35. Bb3 Rg6 36. Bxe6 Nxe6 37. Rd6 g3 38. fxg3 1-0

[Event "Liga Madrileña - DH 2018-2019"]
[Site "Madrid ESP"]
[Date "2018.12.01"]
[Round "3.1"]
[White "Moreno Trujillo, Alejandro"]
[Black "Valles Moreno, Ivan"]
[Result "1/2-1/2"]
[WhiteElo "2516"]
[BlackElo "2409"]
[PlyCount "70"]
[EventDate "2018.11.18"]
[EventType "team-tourn"]
[EventRounds "14"]
[EventCountry "ESP"]
[SourceTitle "Ajedrez en Madrid"]
[Source "lmi"]
[SourceDate "2018.11.18"]
[SourceVersion "1"]
[SourceVersionDate "2019.04.02"]
[SourceQuality "1"]
[WhiteTeam "64 Villalba"]
[BlackTeam "Liberty Chess"]
[WhiteTeamCountry "ESP"]
[BlackTeamCountry "ESP"]

1. d4 d6 2. Nf3 Nf6 3. c4 g6 4. Nc3 Bf5 5. d5 Bg7 6. Nd4 Bd7 7. g3 c5 8. Nc2
Na6 9. Bg2 Nc7 10. a4 O-O 11. h3 Rb8 12. O-O b6 13. Bd2 a6 14. b4 e6 15. Rb1
exd5 16. cxd5 Nh5 17. Na3 b5 18. axb5 axb5 19. Nc2 c4 20. e3 f5 21. Ne2 Nf6 22.
Bc3 Qe7 23. Bd4 Ne4 24. Kh2 Ra8 25. f3 Nf6 26. Nc3 Nh5 27. f4 Bxd4 28. Qxd4 Qg7
29. Ra1 Qxd4 30. Nxd4 Nf6 31. Kg1 Rfe8 32. Kf2 h5 33. Bf3 Kg7 34. Nc2 Rec8 35.
Rfb1 Kf7 1/2-1/2

[Event "Liga Madrileña - DH 2018-2019"]
[Site "Madrid ESP"]
[Date "2018.12.01"]
[Round "3.2"]
[White "Sanchez Gonzalez, Sergio"]
[Black "Pulvett Marin, Daniel Eduardo"]
[Result "0-1"]
[WhiteElo "2296"]
[BlackElo "2465"]
[PlyCount "80"]
[EventDate "2018.11.18"]
[EventType "team-tourn"]
[EventRounds "14"]
[EventCountry "ESP"]
[SourceTitle "Ajedrez en Madrid"]
[Source "lmi"]
[SourceDate "2018.11.18"]
[SourceVersion "1"]
[SourceVersionDate "2019.04.02"]
[SourceQuality "1"]
[WhiteTeam "Liberty Chess"]
[BlackTeam "64 Villalba"]
[WhiteTeamCountry "ESP"]
[BlackTeamCountry "ESP"]

1. Nf3 Nf6 2. g3 b6 3. Bg2 Bb7 4. O-O e6 5. c4 Be7 6. Nc3 O-O 7. d4 Ne4 8. Qc2
Nxc3 9. Qxc3 Be4 10. Ne5 Bxg2 11. Kxg2 d5 12. cxd5 Qxd5+ 13. Qf3 Qxf3+ 14. Kxf3
Rd8 15. Be3 Bf6 16. Rfd1 Bxe5 17. dxe5 Nd7 18. Ke4 f5+ 19. exf6 Nxf6+ 20. Kf3
c5 21. Bf4 Nd5 22. e4 Nb4 23. Bc7 Rf8+ 24. Kg2 Rf7 25. Bd6 Rd8 26. a3 Nc6 27.
Bf4 Rfd7 28. Rxd7 Rxd7 29. Rc1 a5 30. Rc3 e5 31. Be3 Nd4 32. Bxd4 exd4 33. Rc1
a4 34. Kf3 d3 35. Ke3 c4 36. Kd2 b5 37. Kc3 Kf7 38. Kb4 Rb7 39. Kc5 b4 40. axb4
a3 0-1

[Event "Liga Madrileña - DH 2018-2019"]
[Site "Madrid ESP"]
[Date "2018.12.01"]
[Round "3.3"]
[White "Ruperez Benito, Antonio"]
[Black "Perez Gonzalez, Jose Manuel"]
[Result "1-0"]
[WhiteElo "2353"]
[BlackElo "2221"]
[PlyCount "63"]
[EventDate "2018.11.18"]
[EventType "team-tourn"]
[EventRounds "14"]
[EventCountry "ESP"]
[SourceTitle "Ajedrez en Madrid"]
[Source "lmi"]
[SourceDate "2018.11.18"]
[SourceVersion "1"]
[SourceVersionDate "2019.04.02"]
[SourceQuality "1"]
[WhiteTeam "64 Villalba"]
[BlackTeam "Liberty Chess"]
[WhiteTeamCountry "ESP"]
[BlackTeamCountry "ESP"]

1. e4 d6 2. d4 Nf6 3. Nc3 g6 4. Bc4 Bg7 5. Qe2 Nc6 6. Nf3 Bg4 7. Be3 O-O 8. h3
Bxf3 9. Qxf3 e5 10. dxe5 dxe5 11. Ne2 Nd4 12. Nxd4 exd4 13. O-O-O c5 14. Bg5
Qb6 15. Rhe1 Rae8 16. Qd3 a6 17. e5 Nd7 18. f4 h6 19. e6 Rxe6 20. Rxe6 fxe6 21.
Re1 Ne5 22. fxe5 Kh7 23. h4 hxg5 24. h5 Kh8 25. hxg6 Bh6 26. Rh1 Kg7 27. Qh3
Rh8 28. Kb1 Qc6 29. Rf1 Kxg6 30. Rf6+ Kg7 31. Rxe6 Qc7 32. Qh5 1-0

[Event "Liga Madrileña - DH 2018-2019"]
[Site "Madrid ESP"]
[Date "2018.12.01"]
[Round "3.4"]
[White "Carretero Calzon, Abel"]
[Black "Ruano Marco, Javier"]
[Result "1-0"]
[WhiteElo "2145"]
[BlackElo "2179"]
[PlyCount "77"]
[EventDate "2018.11.18"]
[EventType "team-tourn"]
[EventRounds "14"]
[EventCountry "ESP"]
[SourceTitle "Ajedrez en Madrid"]
[Source "lmi"]
[SourceDate "2018.11.18"]
[SourceVersion "1"]
[SourceVersionDate "2019.04.02"]
[SourceQuality "1"]
[WhiteTeam "Liberty Chess"]
[BlackTeam "64 Villalba"]
[WhiteTeamCountry "ESP"]
[BlackTeamCountry "ESP"]

1. d4 Nf6 2. c4 g6 3. Nc3 Bg7 4. e4 d6 5. f3 O-O 6. Be3 e5 7. d5 Nh5 8. g4 Nf4
9. Nge2 f5 10. gxf5 gxf5 11. Qd2 Nxe2 12. Bxe2 f4 13. Bf2 Bf6 14. h4 h5 15.
O-O-O Nd7 16. c5 dxc5 17. d6 c6 18. Bc4+ Kh7 19. Be6 b6 20. Be1 Bg7 21. Rg1 Rf6
22. Bf5+ Kh8 23. Rg5 Rh6 24. Qg2 Qf8 25. Ne2 Bf6 26. Rg6 b5 27. Bc3 b4 28. Rg1
Ba6 29. Be6 bxc3 30. Nxc3 Nb6 31. Rg8+ Qxg8 32. Bxg8 Nc4 33. Bxc4 Bxc4 34. Qf2
Rd8 35. Qxc5 Bf7 36. Qxa7 Bg8 37. Qc5 Kh7 38. Qxc6 Bxh4 39. Qc7+ 1-0

[Event "Liga Madrileña - DH 2018-2019"]
[Site "Madrid ESP"]
[Date "2018.12.01"]
[Round "3.5"]
[White "Blanco Samaniego, Alejandro"]
[Black "Barraza Caracuel, Ignacio"]
[Result "1-0"]
[WhiteElo "1903"]
[BlackElo "2111"]
[PlyCount "75"]
[EventDate "2018.11.18"]
[EventType "team-tourn"]
[EventRounds "14"]
[EventCountry "ESP"]
[SourceTitle "Ajedrez en Madrid"]
[Source "lmi"]
[SourceDate "2018.11.18"]
[SourceVersion "1"]
[SourceVersionDate "2019.04.02"]
[SourceQuality "1"]
[WhiteTeam "64 Villalba"]
[BlackTeam "Liberty Chess"]
[WhiteTeamCountry "ESP"]
[BlackTeamCountry "ESP"]

1. e4 e5 2. Nf3 Nc6 3. d4 exd4 4. Nxd4 Bb4+ 5. c3 Bc5 6. Bc4 Nf6 7. Nxc6 bxc6
8. e5 Qe7 9. O-O Qxe5 10. Re1 Ne4 11. Be3 Bxe3 12. Rxe3 O-O 13. Nd2 d5 14. Qe2
Be6 15. Bb3 f5 16. f3 Rae8 17. fxe4 f4 18. Rd3 dxe4 19. Rd4 Bxb3 20. axb3 e3
21. Nf3 Qf5 22. b4 Rd8 23. Rad1 Rxd4 24. Rxd4 a5 25. Qd3 Qxd3 26. Rxd3 axb4 27.
cxb4 Ra8 28. Kf1 Ra2 29. Rb3 h6 30. b5 cxb5 31. Rxb5 g5 32. h3 Ra1+ 33. Ke2 Rc1
34. Ne1 Kf7 35. Rd5 Ke6 36. Rd3 Rb1 37. Rb3 h5 38. Nd3 1-0

[Event "Liga Madrileña - DH 2018-2019"]
[Site "Madrid ESP"]
[Date "2018.12.01"]
[Round "3.6"]
[White "Spitzer Isbert, Ramon"]
[Black "Garcia Guitian, Angel"]
[Result "1-0"]
[WhiteElo "1966"]
[BlackElo "1773"]
[PlyCount "41"]
[EventDate "2018.11.18"]
[EventType "team-tourn"]
[EventRounds "14"]
[EventCountry "ESP"]
[SourceTitle "Ajedrez en Madrid"]
[Source "lmi"]
[SourceDate "2018.11.18"]
[SourceVersion "1"]
[SourceVersionDate "2019.04.02"]
[SourceQuality "1"]
[WhiteTeam "Liberty Chess"]
[BlackTeam "64 Villalba"]
[WhiteTeamCountry "ESP"]
[BlackTeamCountry "ESP"]

1. d4 Nf6 2. c4 g6 3. Nc3 Bg7 4. e4 d6 5. Be2 O-O 6. Nf3 Nbd7 7. O-O e5 8. Be3
Ng4 9. Bg5 f6 10. Bh4 exd4 11. Nxd4 Nge5 12. Ne6 Qe7 13. Nxf8 Qxf8 14. Nd5 c6
15. Nc7 Rb8 16. Ne6 Qf7 17. Nxg7 Kxg7 18. Qxd6 g5 19. Bg3 Nxc4 20. Bxc4 Qxc4
21. Qe7+ 1-0

[Event "Liga Madrileña - DH 2018-2019"]
[Site "Madrid ESP"]
[Date "2018.12.02"]
[Round "3.1"]
[White "Vazquez Igarza, Renier"]
[Black "Vallejo Diaz, Javier"]
[Result "1/2-1/2"]
[WhiteElo "2570"]
[BlackElo "2383"]
[PlyCount "127"]
[EventDate "2018.11.18"]
[EventType "team-tourn"]
[EventRounds "14"]
[EventCountry "ESP"]
[SourceTitle "Ajedrez en Madrid"]
[Source "lmi"]
[SourceDate "2018.11.18"]
[SourceVersion "1"]
[SourceVersionDate "2019.04.02"]
[SourceQuality "1"]
[WhiteTeam "Collado Villalba"]
[BlackTeam "Alcorcon"]
[WhiteTeamCountry "ESP"]
[BlackTeamCountry "ESP"]

1. d4 Nf6 2. c4 e6 3. Nc3 Bb4 4. Qc2 O-O 5. Nf3 c5 6. dxc5 Bxc5 7. Bf4 d5 8. e3
Nc6 9. a3 Qa5 10. O-O-O Be7 11. g4 dxc4 12. Bxc4 e5 13. g5 exf4 14. gxf6 Bxf6
15. Nd5 Bd8 16. Rhg1 h6 17. Nxf4 Bf6 18. Rd5 Qb6 19. Nh5 Ne7 20. Rb5 Qa6 21.
Nd2 Kh8 22. f4 Qc6 23. Nxf6 Qxf6 24. Ne4 Qc6 25. Rc5 Qb6 26. Qg2 g6 27. Qd2 Bf5
28. Re5 Rac8 29. Nd6 Rc6 30. Qc3 Rxd6 31. Rb5+ Kg8 32. Rxb6 Rxb6 33. e4 Be6 34.
Bxe6 Rxe6 35. Qf3 Rd8 36. f5 Rc6+ 37. Kb1 Rd2 38. fxg6 Nxg6 39. Rf1 Rd7 40. Qe3
h5 41. Qxa7 h4 42. Qe3 Re6 43. Rg1 Rde7 44. Rg4 f5 45. Rg1 Kh7 46. Qg5 fxe4 47.
Qh5+ Kg7 48. Qxh4 e3 49. Qd4+ Kh7 50. h4 e2 51. Re1 Re4 52. Qd3 Nf4 53. Qf3 Rd4
54. Ka2 Rde4 55. Rg1 e1=Q 56. Rxe1 Rxe1 57. Qxf4 R1e4 58. Qf5+ Kg7 59. h5 R7e6
60. h6+ Kxh6 61. Qf8+ Kg6 62. Qg8+ Kf6 63. Qd8+ Kg6 64. Qg8+ 1/2-1/2